| 000 | 00490nam a2200169 a 4500 | ||
|---|---|---|---|
| 001 | 0141 | ||
| 005 | 20140414132040.0 | ||
| 008 | 040803s19uu xx 00 eng d | ||
| 020 | _a0-201-19320-5 | ||
| 050 |
_aBB _bG43 1989 |
||
| 245 |
_aGingerbread man (The), level A / _cillustrator John Standford. |
||
| 260 |
_aMassachusettes : _bAddison-Wesley Publishing, _c1989. |
||
| 300 | _a16 p. : ill. ; cm. | ||
| 440 | _aAddison-Wesley Series | ||
| 650 | _aChildren stories. | ||
| 999 |
_c113833 _d113833 |
||